000 00319nam a2200109Ia 4500
008 180205s9999 xx 000 0 und d
020 _a140071814
100 _aTheroux, Paul
245 4 _aThe kingdon by the sea :
_bA journey around the coast of great britain
260 _aUSA
_bPenguin Books
_c1984
300 _a349 pages
999 _c354760
_d354760